| 000 | 008710000a22002890004500 | ||
|---|---|---|---|
| 003 | LK-CoMWRAF | ||
| 005 | 20231130103759.0 | ||
| 008 | 230817t1990 ||||| |||| 00| 0 eng d | ||
| 020 | _a9559052020 | ||
| 040 |
_aLK-CoMWRAF _dLK-CoMWRAF _eLK-CoMWRAF |
||
| 041 | _aeng | ||
| 082 |
_a331.4 _bWOM |
||
| 245 | _aWomen in export production villages | ||
| 260 |
_aColombo: _bCentre for women's research, _c1990 |
||
| 300 |
_a 151 p., x. _bBibliography and index included |
||
| 490 |
_aStudy series _v2 |
||
| 650 | _a Export Production Village Programme | ||
| 650 | _aRural development projects- Sri Lanka | ||
| 650 | _aWomen in rural development | ||
| 650 | _aEconomic conditions- Sri Lanka | ||
| 700 | _aJayaweera, Swarna | ||
| 700 | _aPeiris, Kamala | ||
| 700 | _aDe Silva, Wimala | ||
| 700 | _aDias, Malsiri | ||
| 700 | _aGoonatilake, Hema | ||
| 942 | _cBK | ||
| 999 |
_c2547 _d2547 |
||